LEADER 01163nam0 22003011i 450 001 SUN0046274 005 20100604120000.0 010 $a88-15-07657-3 020 $aIT$b2001 10913 100 $a20060612d2000 |0itac50 ba 101 $aita 102 $aIT 105 $a|||| ||||| 200 1 $aPsicologia delle differenze di genere$fVivien Burr$gtrad. di Giovanni Guido Stella 205 $aEd. it. a cura di Nicoletta Cavazza 210 $aBologna$cIl mulino$d2000 215 $a186 p.$d21 cm. 410 1$1001SUN0003918$12001 $aUniversale paperbacks Il mulino$v381$1210 $aBologna$cIl mulino. 620 $dBologna$3SUNL000003 676 $a155.33$v21 700 1$aBurr$b, Vivien$3SUNV037004$0495485 712 $aIl mulino$3SUNV000011$4650 801 $aIT$bSOL$c20181109$gRICA 912 $aSUN0046274 950 $aUFFICIO DI BIBLIOTECA DEL DIPARTIMENTO DI PSICOLOGIA$d16 CONS 3108 $e16 VS 366 995 $aUFFICIO DI BIBLIOTECA DEL DIPARTIMENTO DI PSICOLOGIA$bIT-CE0119$gVS$h366$kCONS 3108$oc$qa 996 $aGender and social psychology$927085 997 $aUNICAMPANIA LEADER 03407nam 22007572 450 001 9910459022403321 005 20151005020623.0 010 $a1-107-21960-4 010 $a0-511-99449-4 010 $a1-283-14932-X 010 $a9786613149329 010 $a0-511-99226-2 010 $a0-511-97634-8 010 $a0-511-99330-7 010 $a0-511-98950-4 010 $a0-511-98767-6 010 $a0-511-99129-0 035 $a(CKB)2560000000060106 035 $a(EBL)647389 035 $a(OCoLC)704258009 035 $a(SSID)ssj0000471352 035 $a(PQKBManifestationID)11286330 035 $a(PQKBTitleCode)TC0000471352 035 $a(PQKBWorkID)10428001 035 $a(PQKB)11106908 035 $a(MiAaPQ)EBC647389 035 $a(Au-PeEL)EBL647389 035 $a(CaPaEBR)ebr10449474 035 $a(CaONFJC)MIL314932 035 $a(UkCbUP)CR9780511976346 035 $a(EXLCZ)992560000000060106 100 $a20101012d2011|||| uy| 0 101 0 $aeng 135 $aur||||||||||| 181 $ctxt$2rdacontent 182 $cc$2rdamedia 183 $acr$2rdacarrier 200 10$aMigration and diaspora in modern Asia /$fSunil S. Amrith$b[electronic resource] 210 1$aCambridge :$cCambridge University Press,$d2011. 215 $a1 online resource (xviii, 216 pages) $cdigital, PDF file(s) 225 1 $aNew approaches to Asian history ;$v7 300 $aTitle from publisher's bibliographic system (viewed on 05 Oct 2015). 311 $a0-521-72702-2 311 $a0-521-89835-8 320 $aIncludes bibliographical references and index. 327 $aAsia's great migrations, 1850-1930 -- The making of Asian diasporas, 1850-1930 -- War, revolution and refugees, 1930-1950 -- Migration, development and the Asian city, 1950-1970 -- Asian migrants in the age of globalization, 1970-2010. 330 $aMigration is at the heart of Asian history. For centuries migrants have tracked the routes and seas of their ancestors - merchants, pilgrims, soldiers and sailors - along the Silk Road and across the Indian Ocean and the China Sea. Over the last 150 years, however, migration within Asia and beyond has been greater than at any other time in history. Sunil S. Amrith's engaging and deeply informative book crosses a vast terrain, from the Middle East to India and China, tracing the history of modern migration. Animated by the voices of Asian migrants, it tells the stories of those forced to flee from war and revolution, and those who left their homes and their families in search of a better life. These stories of Asian diasporas can be joyful or poignant, but they all speak of an engagement with new landscapes and new peoples. 410 0$aNew approaches to Asian history ;$v7. 517 3 $aMigration & Diaspora in Modern Asia 606 $aAsian diaspora 606 $aAsians$xMigrations 606 $aImmigrants$zAsia$xHistory 606 $aRefugees$zAsia$xHistory 607 $aAsia$xEmigration and immigration$xHistory 615 0$aAsian diaspora. 615 0$aAsians$xMigrations. 615 0$aImmigrants$xHistory. 615 0$aRefugees$xHistory. 676 $a304.8095 700 $aAmrith$b Sunil S.$f1979-$0861524 801 0$bUkCbUP 801 1$bUkCbUP 906 $aBOOK 912 $a9910459022403321 996 $aMigration and diaspora in modern Asia$92473342 997 $aUNINA LEADER 01214nam 2200421 450 001 9910814543903321 005 20230725031729.0 010 $a1-84888-032-4 024 7 $a10.1163/9781848880320 035 $a(CKB)4920000000126957 035 $a(OCoLC)780818260 035 $a(nllekb)BRILL9781848880320 035 $a(MiAaPQ)EBC6359674 035 $a(EXLCZ)994920000000126957 100 $a20210224d2010 uy 0 101 0 $aeng 135 $aurun| uuuua 181 $ctxt$2rdacontent 182 $cc$2rdamedia 183 $2rdacarrier 200 00$aNew media and the politics of online communities /$fedited by Aris Mousoutzanis, Daniel Riha 210 1$aOxford, United Kingdom :$cInter-Disciplinary Press,$d[2010] 210 4$dİ2010 215 $a1 online resource 225 0 $aCritical issues 311 $a90-04-40380-9 606 $aCyberspace 615 0$aCyberspace. 676 $a306.4402854678 702 $aMousoutzanis$b Aristeidis 702 $aRiha$b Daniel 801 0$bMiAaPQ 801 1$bMiAaPQ 801 2$bMiAaPQ 906 $aBOOK 912 $a9910814543903321 996 $aNew media and the politics of online communities$93988173 997 $aUNINA